[Event "Cannes team g/60"]
[Site "Cannes"]
[Date "1992.??.??"]
[Round "6"]
[White "Fedorowicz, John P"]
[Black "Hodgson, Julian M"]
[Result "0-1"]
[WhiteElo "2530"]
[BlackElo "2545"]
[PlyCount "106"]
[EventDate "1992.02.??"]
[Source "ChessBase"]

1. e4 e5 2. Nf3 Nc6 3. Bb5 a6 4. Ba4 Nf6 5. O-O Be7 6. Qe2 b5 7. Bb3 O-O 8. c3 d5 9. d3 Re8 10. h3 Bb7 11. Re1 Na5 12. Bc2 Bf8 13. Bg5 h6 14. Bh4 c5 15. Nbd2 d4 16. cxd4 cxd4 17. Rac1 Qb6 18. Nb3 Nd7 19. Bg3 Nc6 20. Bb1 a5 21. a3 a4 22. Nbd2 b4 23. Nc4 Qb5 24. axb4 Bxb4 25. Rf1 a3 26. bxa3 Bxa3 27. Nxa3 Rxa3 28. Nd2 Nb6 29. f4 Rc3 30. fxe5 Nxe5 31. Nf3 Nxf3+ 32. Qxf3 f6 33. Qf2 Rec8 34. Rcd1 Qc5 35. Kh2 Kh8 36. Qf4 Nd7 37. Qh4 Qe7 38. Qh5 R8c5 39. Rf5 Kh7 40. Rxc5 Rxc5 41. Qe2 Ne5 42. Qb2 Qd7 43. Bf2 Bc8 44. Kh1 Nf3 45. Qe2 Ng5 46. h4 Nf7 47. Ba2 Ne5 48. Bd5 Qc7 49. Bxd4 Bg4 50. Qf2 Rxd5 51. exd5 Bxd1 52. Qf5+ Kh8 53. Qe6 Bb3 0-1

[Event "Jakarta"]
[Site "Jakarta"]
[Date "1994.??.??"]
[Round "9"]
[White "Ye Jiangchuan"]
[Black "Xie Jun"]
[Result "1/2-1/2"]
[WhiteElo "2555"]
[BlackElo "2515"]
[PlyCount "85"]
[EventDate "1994.04.??"]
[Source "ChessBase"]

1. e4 e5 2. Nf3 Nc6 3. Bb5 a6 4. Ba4 Nf6 5. O-O Be7 6. Qe2 b5 7. Bb3 O-O 8. c3 d5 9. d3 Bb7 10. Nbd2 Re8 11. a3 Bf8 12. Ba2 Nb8 13. exd5 Bxd5 14. c4 bxc4 15. Bxc4 Nc6 16. Re1 Bc5 17. Ne4 Nd4 18. Nxd4 Bxc4 19. Nc6 Bxd3 20. Nxd8 Bxe2 21. Nxc5 Rexd8 22. Bg5 Rd5 23. Rac1 Bh5 24. Bxf6 gxf6 25. Ne4 Kg7 26. Rxc7 Bg6 27. h3 a5 28. Rc6 Rad8 29. Nxf6 Rd1 30. Rf1 Rxf1+ 31. Kxf1 Rb8 32. b4 axb4 33. axb4 Rxb4 34. Kg1 Rb1+ 35. Kh2 Rb2 36. f3 Re2 37. h4 e4 38. f4 e3 39. Kg3 Ra2 40. Rd6 Ra4 41. h5 e2 42. Kf2 Bf5 43. Kxe2 1/2-1/2

[Event "Open Aeroflot"]
[Site "Mosca RUS"]
[Date "2007.02.19"]
[Round "6"]
[White "Mamedov, Rau"]
[Black "Kosintseva, N."]
[Result "1-0"]
[WhiteElo "2566"]
[BlackElo "2496"]
[PlyCount "95"]
[EventDate "2007.02.14"]
[Source "www.chesslib.no"]
[SourceDate "2004.05.04"]

1. e4 e5 2. Nf3 Nc6 3. Bb5 a6 4. Ba4 Nf6 5. Qe2 b5 6. Bb3 Be7 7. c3 O-O 8. O-O d6 9. Rd1 Bg4 10. h3 Bh5 11. d3 a5 12. Nbd2 a4 13. Bc2 b4 14. g4 Bg6 15. Nf1 Nd7 16. Ng3 Re8 17. Nf5 Bf8 18. Bg5 Qb8 19. h4 Qb7 20. a3 b3 21. Bb1 f6 22. Be3 Bxf5 23. gxf5 d5 24. d4 exd4 25. cxd4 dxe4 26. Nd2 Ne7 27. Bxe4 Nd5 28. Qf3 N7b6 29. Kh1 c6 30. Rg1 Re7 31. Rg3 Rae8 32. Rag1 Nc8 33. h5 Nd6 34. Bxd5+ cxd5 35. h6 Ne4 36. Nxe4 dxe4 37. Qh5 Qc6 38. d5 Qd7 39. Bc5 e3 40. Bxe7 Rxe7 41. hxg7 Bxg7 42. fxe3 Qxd5+ 43. R1g2 Kh8 44. Rh3 Bf8 45. Qf3 Qd8 46. Rh4 Rd7 47. Rg1 Bd6 48. Rhg4 1-0

[Event "Osterskan Sweden"]
[Site "Osterskan Sweden"]
[Date "1995.??.??"]
[Round "4"]
[White "Kveinys, Aloyzas"]
[Black "Gabriel, Christian"]
[Result "1/2-1/2"]
[WhiteElo "2525"]
[BlackElo "2535"]
[PlyCount "47"]
[EventDate "1995.??.??"]
[Source "www.chesslib.no"]
[SourceDate "2004.05.04"]

1. e4 e5 2. Nf3 Nc6 3. Bb5 a6 4. Ba4 Nf6 5. O-O Be7 6. Qe2 b5 7. Bb3 O-O 8. c3 d5 9. d3 d4 10. cxd4 Nxd4 11. Nxd4 Qxd4 12. Be3 Qd6 13. Rc1 Rd8 14. Nd2 Bg4 15. f3 Qxd3 16. Qf2 Be6 17. Bxe6 fxe6 18. Rxc7 Bb4 19. Nf1 Rac8 20. Rac1 Rxc7 21. Rxc7 Nxe4 22. Qh4 Nd2 23. Bxd2 Bxd2 24. Nxd2 1/2-1/2

[Event "Osterskan Sweden"]
[Site "Osterskan Sweden"]
[Date "1995.??.??"]
[Round "4"]
[White "Kveinys, Aloyzas"]
[Black "Gabriel, Christian"]
[Result "1/2-1/2"]
[WhiteElo "2525"]
[BlackElo "2535"]
[PlyCount "47"]
[EventDate "1995.??.??"]
[Source "www.chesslib.no"]
[SourceDate "2004.05.04"]

1. e4 e5 2. Nf3 Nc6 3. Bb5 a6 4. Ba4 Nf6 5. O-O Be7 6. Qe2 b5 7. Bb3 O-O 8. c3 d5 9. d3 d4 10. cxd4 Nxd4 11. Nxd4 Qxd4 12. Be3 Qd6 13. Rc1 Rd8 14. Nd2 Bg4 15. f3 Qxd3 16. Rc5 g6 17. Rxb5 Bh5 18. Ra5 Ba3 19. Qd1 Bd6 20. Rc1 Qc3 21. Bd5 Bg4 22. Bb7 Be6 23. Bxa8 Qb4 24. Rc4 1/2-1/2

[Event "Western Pacific Open"]
[Site "?"]
[Date "2005.03.27"]
[Round "4"]
[White "Matikozian Andranik"]
[Black "Atalik Suat"]
[Result "0-1"]
[WhiteElo "2496"]
[BlackElo "2560"]
[PlyCount "71"]
[EventDate "2005.??.??"]
[Source "www.chesslib.no"]
[SourceDate "2004.05.04"]

1. e4 e5 2. Nf3 Nc6 3. Bb5 a6 4. Ba4 Nf6 5. Qe2 b5 6. Bb3 Be7 7. c3 O-O 8. O-O d6 9. Rd1 Qe8 10. d4 Bg4 11. h3 Bh5 12. a4 Rb8 13. axb5 axb5 14. d5 Nd8 15. c4 Nb7 16. cxb5 Nc5 17. Bc2 Qxb5 18. Qe3 Ra8 19. Nc3 Qc4 20. Rb1 Nb3 21. Re1 Rfb8 22. Bd3 Qb4 23. Nd2 Nc5 24. Bc2 Nfd7 25. b3 Bg5 26. Qxg5 Qxc3 27. Rb2 Ra1 28. Qxh5 Nd3 29. Bxd3 Rxc1 30. Rb1 Rxe1+ 31. Rxe1 Qxd2 32. Rd1 Qc3 33. Bc4 Nc5 34. Qe2 g6 35. f3 Kg7 36. Qa2 0-1

[Event "ch-SLO"]
[Site "Bled"]
[Date "2003.08.07"]
[Round "6"]
[White "Grosar, Aljosa"]
[Black "Pavasovic, Dusko"]
[Result "1/2-1/2"]
[WhiteElo "2459"]
[BlackElo "2596"]
[PlyCount "97"]
[EventDate "2003.08.03"]
[Source "Roberto Alvarez"]
[SourceDate "2003.08.11"]

1. e4 e5 2. Nf3 Nc6 3. Bb5 a6 4. Ba4 Nf6 5. O-O Be7 6. Qe2 b5 7. Bb3 O-O 8. a4 b4 9. d3 d6 10. Nbd2 Be6 11. Nc4 Nd7 12. Be3 Re8 13. Rfe1 Bf6 14. Rad1 Nd4 15. Bxd4 exd4 16. Ncd2 Nc5 17. Bxe6 Rxe6 18. b3 Qd7 19. Qf1 Rae8 20. g3 c6 21. h3 Qc7 22. Nh2 d5 23. Ng4 Bd8 24. exd5 cxd5 25. Nf3 h5 26. Ngh2 Bf6 27. Kg2 Rxe1 28. Rxe1 Ne6 29. Re2 Rc8 30. Qd1 Qd6 31. Nf1 g6 32. h4 Rc6 33. N1h2 Qc7 34. Nf1 Kg7 35. N1h2 Qc8 36. Qd2 a5 37. Qd1 Qb8 38. Qd2 Qc7 39. Qd1 Qd6 40. Qd2 Rc7 41. Qd1 Qc5 42. Qd2 Qc3 43. Qd1 Rc8 44. Nf1 Qc7 45. N1h2 Qd6 46. Qd2 Rc6 47. Qd1 Qc7 48. Qd2 Kg8 49. Qd1 1/2-1/2

[Event "XXVIII Open internazionale"]
[Site "Benasque SPA"]
[Date "2008.07.05"]
[Round "3"]
[White "BAKLAN, Vladimir"]
[Black "DOBREV, Nanko"]
[Result "1-0"]
[WhiteElo "2630"]
[BlackElo "2423"]
[PlyCount "91"]
[EventDate "2008.07.03"]
[Source "www.chesslib.no"]
[SourceDate "2004.05.04"]

1. e4 e5 2. Nf3 Nc6 3. Bb5 a6 4. Ba4 Nf6 5. O-O Be7 6. Qe2 b5 7. Bb3 d6 8. c3 O-O 9. Rd1 Na5 10. Bc2 c5 11. d4 Qc7 12. d5 Nc4 13. b3 Nb6 14. a4 Qb7 15. h3 c4 16. axb5 cxb3 17. Bxb3 axb5 18. Rxa8 Nxa8 19. Ba3 Nd7 20. Bb4 Nc7 21. Na3 Qb6 22. Bc2 Ba6 23. Ra1 Ra8 24. Bd3 Bd8 25. Qe3 Rb8 26. Qxb6 Rxb6 27. Nc2 Bc8 28. Ra7 f6 29. Na3 Nc5 30. Nxb5 Nxb5 31. Bxb5 Rxb5 32. Ra8 Kf7 33. Rxc8 Bb6 34. Nd2 Nd3 35. Nc4 Bxf2+ 36. Kh2 Kg6 37. Nxd6 Rb6 38. Nc4 Ra6 39. Ba5 Nc5 40. d6 Nxe4 41. d7 Ng3 42. h4 Kh5 43. d8=Q Kxh4 44. Nd2 e4 45. Rc4 Re6 46. Bc7 1-0

[Event "Manila ol (Men)"]
[Site "Manila PHI"]
[Date "1992.??.??"]
[Round "?"]
[White "Chandler, Murray G"]
[Black "Stefansson, Hannes H"]
[Result "0-1"]
[WhiteElo "2590"]
[BlackElo "2455"]
[PlyCount "72"]
[EventDate "1992.06.??"]
[Source "www.chesslib.no"]
[SourceDate "2004.05.04"]

1. e4 e5 2. Nf3 Nc6 3. Bb5 a6 4. Ba4 Nf6 5. O-O Be7 6. Qe2 b5 7. Bb3 O-O 8. c3 d5 9. d3 Bb7 10. Bg5 Na5 11. Bc2 h6 12. Bh4 dxe4 13. dxe4 Nd7 14. Bg3 Bd6 15. Rd1 Nc6 16. Nbd2 Re8 17. Nf1 Qc8 18. Ne3 Bf8 19. Nh4 Nd8 20. a4 Bc6 21. Nd5 Ne6 22. b4 bxa4 23. Nf3 Bd6 24. h3 a5 25. b5 Bxd5 26. Rxd5 Nec5 27. Qe3 Re6 28. Nh4 c6 29. bxc6 Qxc6 30. Nf5 Bf8 31. Bh4 Nb6 32. Rdd1 Nc4 33. Qe2 Nb3 34. Rab1 Rb8 35. Bd3 Na3 36. Rb2 Qxc3 0-1

[Event "Open Vienna"]
[Site "Vienna open Vienna"]
[Date "1994.??.??"]
[Round "7"]
[White "Kveinys, Aloyzas"]
[Black "Blatny, Pavel"]
[Result "0-1"]
[WhiteElo "2520"]
[BlackElo "2525"]
[PlyCount "56"]
[EventDate "1994.??.??"]
[Source "www.chesslib.no"]
[SourceDate "2004.05.04"]

1. e4 e5 2. Nf3 Nc6 3. Bb5 a6 4. Ba4 Nf6 5. O-O Be7 6. Qe2 b5 7. Bb3 O-O 8. c3 d6 9. Rd1 Nd7 10. d4 Bf6 11. Bd5 Bb7 12. dxe5 dxe5 13. a4 bxa4 14. Qc4 Qe7 15. Qxa4 Nb6 16. Qb3 Rab8 17. Be3 Nxd5 18. exd5 e4 19. Nfd2 Ne5 20. Ba7 Nd3 21. Nf1 Bxd5 22. Qxd5 c6 23. Qxc6 Qxa7 24. Ne3 Nxf2 25. Re1 Rb6 26. Qd5 Nd3 27. Nd2 Rd8 28. Qa5 Nxe1 0-1

[Event "Calcutta Open"]
[Site "Calcutta IND"]
[Date "1993.??.??"]
[Round "11"]
[White "Tiviakov, Sergei"]
[Black "Thipsay, Praveen Mahadeo"]
[Result "1/2-1/2"]
[WhiteElo "2575"]
[BlackElo "2465"]
[PlyCount "53"]
[EventDate "1993.02.??"]
[Source "www.chesslib.no"]
[SourceDate "2004.05.04"]

1. e4 e5 2. Nf3 Nc6 3. Bb5 a6 4. Ba4 Nf6 5. O-O Be7 6. Qe2 b5 7. Bb3 O-O 8. c3 d5 9. d3 Bb7 10. Bg5 d4 11. Nbd2 Nd7 12. Bxe7 Qxe7 13. Rac1 Rac8 14. Bd5 dxc3 15. Bxc6 cxd2 16. Nxd2 Bxc6 17. Rxc6 Nb8 18. Rc3 c5 19. Qe3 Rc7 20. Rfc1 Rfc8 21. a3 Nd7 22. Nb3 h6 23. g3 Qg5 24. Kg2 Qe7 25. R1c2 Qd6 26. Qc1 Kh7 27. Qe3 1/2-1/2

[Event "Lazne Bohdanec <Kami"]
[Site "?"]
[Date "1996.??.??"]
[Round "?"]
[White "Kaminski Marcin"]
[Black "Blatny Pavel"]
[Result "1-0"]
[WhiteElo "2525"]
[BlackElo "2515"]
[PlyCount "111"]
[EventDate "1996.??.??"]
[Source "www.chesslib.no"]
[SourceDate "2004.05.04"]

1. e4 e5 2. Nf3 Nc6 3. Bb5 a6 4. Ba4 Nf6 5. O-O Be7 6. Qe2 b5 7. Bb3 d6 8. c3 O-O 9. Rd1 Nd7 10. d4 Bf6 11. a4 Bb7 12. d5 Ne7 13. Bc2 bxa4 14. Bxa4 Nc5 15. Bc2 a5 16. Be3 Ba6 17. Qd2 Nb7 18. Bd3 Qd7 19. Bxa6 Rxa6 20. Qd3 Raa8 21. Na3 Rfb8 22. Qb5 Qc8 23. Qc4 Ng6 24. Nb5 Nd8 25. Qa4 Qd7 26. c4 Be7 27. h3 Nf8 28. Nd2 c6 29. dxc6 Qxc6 30. Nb1 Nb7 31. Nd2 Ne6 32. Bb6 Bf8 33. Qc2 Nbc5 34. Rac1 Qc7 35. b3 a4 36. b4 Na6 37. Na7 Nac5 38. h4 Rd8 39. Re1 Qxa7 40. Bxc5 a3 41. Ra1 Qe7 42. Qa2 Rab8 43. Qb2 Qd7 44. Bd4 Qe8 45. Qc1 Ra8 46. Bc5 Rdc8 47. Bxd6 Nd4 48. Nf3 Ra5 49. Rb1 Ra4 50. Qf4 a2 51. Bc7 a1=R 52. Qh2 R1a3 53. Rbd1 Ra2 54. Bb8 Rc7 55. g3 Ra5 56. Qg2 1-0